Smallest Country With A Bigger Population Than... - Statistics

General Stats
  • This quiz has been taken 23 times
  • The average score is 10 of 15
Answer Stats
Continent Population Country % Correct
Europe 38,631 Monaco
100%
Europe 39,870 Liechtenstein
95%
Asia 527,799 Maldives
90%
Europe 539,607 Malta
81%
Asia 6,110,200 Singapore
76%
Americas 6,338,193 El Salvador
71%
Asia 10,148,000 Israel
67%
Asia 1,450,935,791 India
57%
Africa 14,256,567 Rwanda
57%
Asia 283,487,931 Indonesia
52%
Europe 18,080,943 Netherlands
52%
Asia 173,562,364 Bangladesh
48%
Asia 255,300,000 Pakistan
48%
Asia 23,213,962 Taiwan
48%
Asia 51,717,590 South Korea
38%
No matching quizzes found
Score Distribution
Percent of People with Each Score
Percentile by Number Answered
Your Score History
You have not taken this quiz